| 000 | 03743cam a2200385 i 4500 | ||
|---|---|---|---|
| 001 | 200468099 | ||
| 003 | TR-AnTOB | ||
| 005 | 20260414100523.0 | ||
| 007 | ta | ||
| 008 | 260414t19791979mau 001 1 eng | ||
| 010 | _a 78069581 | ||
| 020 |
_a0395263875 _q(paperback) |
||
| 020 | _a9780395263877 | ||
| 035 | _a2266359 | ||
| 035 | _a(TR-AnTOB)200468099 | ||
| 040 |
_aDLC _beng _erda _cDLC _dDLC _dTR-AnTOB |
||
| 041 | 0 | _aeng | |
| 050 | 0 | 4 |
_aPN6014 _b.S76 1979 |
| 090 |
_aPN6014 _b.S76 1979 |
||
| 245 | 0 | 0 |
_aStory to anti-story / _c[compiled by] Mary Rohrberger. |
| 264 | 1 |
_aBoston : _bHoughton Mifflin Company, _c1979. |
|
| 264 | 4 | _c©1979 | |
| 300 |
_axiii, 780 pages ; _c24 cm |
||
| 336 |
_atext _btxt _2rdacontent |
||
| 337 |
_aunmediated _bn _2rdamedia |
||
| 338 |
_avolume _bnc _2rdacarrier |
||
| 500 | _aIncludes index. | ||
| 505 | 0 | _aThe legend of Sleepy Hollow / Washington Irvine -- The hollow of the three hills; Roger Malvin's burial; The maypole of Merry Mount / Nathaniel Hawthorne -- The fall of the House of Usher; Ligeia; The masque of the red death / Edgar Allan Poe -- The diary of a madman / Nikolai Gogol -- Benito Cereno / Herman Melville -- The dream of a ridiculous man / Feodor Dostoevsky -- My platonic sweetheart / Mark Twain (Samuel Langhorne Clemens) -- The tree of knowledge / Henry James -- La Mere Sauvage / Guy de Maupassant -- The secret sharer / Joseph Conrad -- The open boat / Stephen Crane -- A trifle from real life; La cigale; Dreams / Anton Chekhov -- Juan Manso: A dead man's tale / Miguel de Unamuno -- Horse in the moon / Luigi Pirandello -- The infant prodigy / Thomas Mann -- Death in the woods / Sherwood Anderson -- An encounter; Two gallants; Clay / James Joyce -- The Prussian officer / D. H. Lawrence -- The wind blows; The daughters of the late colonel; The man without a temperament / Katherine Mansfield -- Blood-burning moon / Jean Toomer -- The fig tree / Katherine Anne Porter -- The baby party / F. Scott Fizgerald -- A rose for Emily / William Faulkner -- In another country / Ernest Hemingway -- Flight / John Steinbeck -- Judas / Frank O'Connor -- The black wedding / Isaac Bashevis Singer -- The room / Jean-Paul Sartre -- Keela, the outcast Indian maiden / Eudora Welty -- Flying home / Ralph Ellison -- The deep range / Arthur C. Clarke -- A tree, a rock, a cloud / Carson McCullers -- Everything that rises must converge / Flannery O'Connor -- The Leopold locked room / Edward D. Hoch -- The black prince / Shirley Ann Grau -- Shifting / Ann Beattie -- The hunter Gracchus; A country doctor / Franz Kafka -- The Babylon lottery; The garden of forking paths / Jorge Luis Borges -- The Leonardo; The visit to the museum; "That in Aleppo once..."; Vladimir Nabokov -- Tropism XVIII / Nathalie Sarraute -- Hands / Tommaso Landolfi -- Idiots first / Bernard Malamud -- The secret room / Alain Robbe-Grillet -- In the heart of the heart of the country / William Gass -- Mr. Blue / Robert Creeley -- The whole truth / Frank London Brown -- The incredible and sad tale of innocent Erendira and her heartless grandmother / Gabriel Garcia Marquez -- Lost in the funhouse / John Barth -- Views of my father weeping; A city of churches / Donald Barthelme -- Scenes from the Thistledown Theatre / Irene Musillo Mitchell -- The babysitter / Robert Coover -- The birds / Ronald Sukenick -- Answers in progress / Imamu Amiri Baraka (Leroi Jones) -- How I contemplated the world from the Detroit House of Correction and began my life over again / Joyce Carol Oates. | |
| 650 | 0 |
_aShort stories _945955 |
|
| 655 | 7 |
_aShort stories _2lcgft _9153047 |
|
| 700 | 1 |
_aRohrberger, Mary _ecompiler _4com _9153638 |
|
| 942 |
_2lcc _cBK |
||
| 999 |
_c200468099 _d86311 |
||